000 00437nam a2200181Ia 4500
001 16599
005 20260306170321.0
008 260306t2021||||xx |||||||||||||| ||und||
041 _aESP
082 _a348.8
_bC34R
100 _aCastillo Guzmán, Jorge,
_eAUT
245 0 _aRelaciones laborales y el covid-19
260 _c2021
300 _a398 páginas :
_c25 cm.
650 _aGEN
654 _aCDE
942 _cLIB
_dJUS
_fJUS
_2ddc
_n
999 _c16599
_d16599